000
00242nam a2200097Ia 4500
001
686747
005
20250826161542.0
008
250824s9999 xx 000 0 und d
245
0
_a
YAĞMURLA GELEN
_c
YAŞAR KEMAL
260
_b
YAPI KREDİ YAYINLARI
999
_c
686747
_d
686747